SLIF-LAMP BIOMICROSCOPY IN PRIMARY EYE CARE (Record no. 10520)

MARC details
000 -LEADER
fixed length control field 00328nam a22001457a 4500
003 - CONTROL NUMBER IDENTIFIER
control field SGT
082 ## - DEWEY DECIMAL CLASSIFICATION NUMBER
Classification number 617.75
Item number S13M
100 ## - MAIN ENTRY--PERSONAL NAME
Personal name MONDAL, BISWAJIT
245 ## - TITLE STATEMENT
Title SLIF-LAMP BIOMICROSCOPY IN PRIMARY EYE CARE
250 ## - EDITION STATEMENT
Edition statement 1ST
260 ## - PUBLICATION, DISTRIBUTION, ETC. (IMPRINT)
Place of publication, distribution, etc INDIA
Name of publisher, distributor, etc JAYPEE
Year of Publication 2013
300 ## - PAGE DESCRIPTION
No. of Pages 60
650 ## - SUBJECT ADDED ENTRY--TOPICAL TERM
Topical term or geographic name as entry element OPHTHALMOLOGY
942 ## - ADDED ENTRY ELEMENTS (KOHA)
Source of classification or shelving scheme Dewey Decimal Classification
Koha item type Books
942 ## - ADDED ENTRY ELEMENTS (KOHA)
-- 2
Holdings
Withdrawn status Lost status Source of classification or shelving scheme Damaged status Not for loan Collection code Home library Current library Shelving location Date acquired Vendor Name Cost, normal purchase price SGTU Bill Number Total Checkouts Full call number Accession No. (Barcode) Date last seen Date last borrowed Bill Date Koha item type
    Dewey Decimal Classification     MEDICAL SGT Medical Library SGT Medical Library Text Book 19/01/2017 ABC 250.00 SGTU 6436 3 617.75 S13M FM7821 30/04/2025 16/04/2025 02/01/2016 Books
    Dewey Decimal Classification     MEDICAL SGT Medical Library SGT Medical Library Text Book 19/01/2017 ABC 250.00 SGTU 6436   617.75 S13M FM7822 19/01/2017   02/01/2016 Books
    Dewey Decimal Classification     MEDICAL SGT Medical Library SGT Medical Library Text Book 19/01/2017 ABC 250.00 SGTU 6436   617.75 S13M FM7823 19/01/2017   02/01/2016 Books
    Dewey Decimal Classification     MEDICAL SGT Medical Library SGT Medical Library Text Book 19/01/2017 ABC 250.00 SGTU 6436 1 617.75 S13M FM7824 20/02/2025 04/02/2025 02/01/2016 Books
    Dewey Decimal Classification     MEDICAL SGT Medical Library SGT Medical Library Text Book 19/01/2017 ABC 250.00 SGTU 6436   617.75 S13M FM7825 19/08/2022   02/01/2016 Books